000 00342nam a2200133Ia 4500
005 20260328104335.0
008 260328s9999||||xx |||||||||||||| ||und||
100 _aAntia, Jemma
245 0 _aArquitectura in India Since 1990 :
_b Raul Mehrotra /
_cJemma Antia
260 _bPintor
300 _a310 p.
650 _aARQUITECTOS
942 _cBK
999 _c11856
_d11856